00279nam a2200109Ia 4500008004100000041001200041100001900053245004600072260003300118300000800151650001000159221030s9999 xx 000 0 und d aEnglish aA. C. Niranjan 0aAutomobile Engineeringcby A. C. Niranjan bPooja Pub.aBanagalorec1998 a159 aCivil